[Event "Ruhrgebiet Verbandsliga Gruppe 2 1718"]
[Site "Germany"]
[Date "2017.12.03"]
[Round "4.7"]
[White "Grodotzki, Kenneth"]
[Black "Rips, Frank"]
[Result "1-0"]
[WhiteElo "1985"]
[BlackElo "1791"]
[PlyCount "53"]
[EventDate "2017.09.17"]
[EventType "team-tourn"]
[EventRounds "9"]
[EventCountry "GER"]
[SourceTitle "EXT 2022"]
[Source "ChessBase"]
[SourceDate "2021.10.06"]
[SourceVersion "1"]
[SourceVersionDate "2021.10.06"]
[SourceQuality "1"]
[WhiteTeam "Muelheim Nord III"]
[BlackTeam "Brambauer"]
[WhiteTeamCountry "GER"]
[BlackTeamCountry "GER"]

1. f4 d5 2. Nf3 Nf6 3. d3 e6 4. g3 Nbd7 5. Bg2 Bd6 6. 0-0 0-0 7. Nc3 c6 8. Kh1 e5 9. e4 dxe4 10. dxe4 Qc7 11. f5 Nc5 12. Qe2 b6 13. Re1 Ba6 14. Qd2 Rad8 15. h3 Be7 16. Qf2 Rd7 17. g4 Rfd8 18. Qg3 Bd6 19. Bg5 Re8 20. h4 Rdd8 21. h5 h6 22. Bc1 Bf8 23. Qh4 Be7 24. Qg3 Qc8 25. Bh3 Nh7 26. g5 Kh8 27. f6 1-0

[Event "Ruhrgebiet Verbandsliga Gruppe 2 1516"]
[Site "Germany"]
[Date "2015.11.29"]
[Round "4.8"]
[White "Rips, Frank"]
[Black "Kraus, Tanja"]
[Result "1/2-1/2"]
[WhiteElo "1760"]
[BlackElo "1696"]
[PlyCount "34"]
[EventDate "2015.09.06"]
[EventType "team-tourn"]
[EventRounds "9"]
[EventCountry "GER"]
[SourceTitle "EXT 2022"]
[Source "ChessBase"]
[SourceDate "2021.10.06"]
[SourceVersion "1"]
[SourceVersionDate "2021.10.06"]
[SourceQuality "1"]
[WhiteTeam "Brambauer"]
[BlackTeam "Wattenscheid SV III"]
[WhiteTeamCountry "GER"]
[BlackTeamCountry "GER"]

1. e4 Nf6 2. Nc3 d5 3. exd5 Nxd5 4. Bc4 Be6 5. Qf3 c6 6. Nge2 Nc7 7. Bb3 g6 8. d4 Bg7 9. Be3 Bxb3 10. axb3 Nd5 11. Nxd5 cxd5 12. c4 Nc6 13. 0-0 e6 14. Rfd1 Qf6 15. Qxf6 Bxf6 16. cxd5 exd5 17. Nc3 Rd8 1/2-1/2

[Event "NRW Verbandsklasse Group2 1314"]
[Site "Nordrheinwestfalen"]
[Date "2013.11.03"]
[Round "3.4"]
[White "Wiktor, Reinhard"]
[Black "Rips, Frank"]
[Result "1-0"]
[WhiteElo "1784"]
[BlackElo "1734"]
[PlyCount "83"]
[EventDate "2013.09.08"]
[EventType "team-tourn"]
[EventRounds "9"]
[EventCountry "GER"]
[SourceTitle "EXT 2020"]
[Source "ChessBase"]
[SourceDate "2019.10.17"]
[SourceVersion "1"]
[SourceVersionDate "2019.10.17"]
[SourceQuality "1"]
[WhiteTeam "Mengede SG"]
[BlackTeam "Doppelbauer Brambauer II"]
[WhiteTeamCountry "GER"]
[BlackTeamCountry "GER"]

1. d4 d5 2. Nf3 Nf6 3. g3 Bg4 4. Bg2 Nc6 5. Nbd2 Qc8 6. h3 Bf5 7. c3 h6 8. Nf1 e6 9. Bf4 Ne4 10. g4 Bh7 11. Qa4 Qd7 12. N3d2 Bd6 13. Bxd6 Nxd6 14. Ng3 Ne7 15. Qxd7+ Kxd7 16. e4 Nxe4 17. Ngxe4 dxe4 18. Bxe4 Bg6 19. 0-0-0 Rab8 20. Bxg6 Nxg6 21. Nc4 c6 22. Ne5+ Nxe5 23. dxe5+ Ke7 24. Kc2 Rbd8 25. c4 g6 26. h4 h5 27. g5 Rxd1 28. Rxd1 Rc8 29. c5 Rd8 30. Rd6 Rc8 31. Kc3 Rc7 32. b4 Rc8 33. Kb3 Rc7 34. Ka4 Rc8 35. Ka5 Rc7 36. b5 cxb5 37. Kxb5 Rd7 38. a4 Kd8 39. c6 a6+ 40. Kb6 bxc6 41. Kxc6 Rxd6+ 42. exd6 1-0

[Event "NRW Verbandsliga Group1 1314"]
[Site "Nordrheinwestfalen"]
[Date "2013.10.13"]
[Round "2"]
[White "Rips, Frank"]
[Black "Kruse, Peter"]
[Result "1/2-1/2"]
[WhiteElo "1734"]
[BlackElo "2009"]
[PlyCount "61"]
[EventDate "2013.09.08"]
[EventType "team-tourn"]
[EventRounds "9"]
[EventCountry "GER"]
[SourceTitle "EXT 2020"]
[Source "ChessBase"]
[SourceDate "2019.10.17"]
[SourceVersion "1"]
[SourceVersionDate "2019.10.17"]
[SourceQuality "1"]
[WhiteTeam "Doppelbauer Brambauer"]
[BlackTeam "Gladbeck SG"]
[WhiteTeamCountry "GER"]
[BlackTeamCountry "GER"]

1. e4 c5 2. Nf3 g6 3. d4 cxd4 4. Nxd4 Nf6 5. Nc3 Nc6 6. Be3 Bg7 7. Be2 0-0 8. Qd2 d5 9. Nxc6 bxc6 10. 0-0-0 Qa5 11. exd5 Rd8 12. Bd4 Nxd5 13. Bxg7 Kxg7 14. Qd4+ Kg8 15. h4 Be6 16. Qe5 Qb6 17. h5 Qb8 18. Qd4 Qf4+ 19. Qxf4 Nxf4 20. hxg6 hxg6 21. Bf3 Nd5 22. Nxd5 Bxd5 23. Bxd5 cxd5 24. Rh4 e6 25. Rdh1 Kg7 26. R1h3 Rf8 27. g4 g5 28. Rh5 Kf6 29. Rf3+ Kg7 30. Rfh3 Kf6 31. Rf3+ 1/2-1/2

[Event "Ruhrgebiet VK1 0708"]
[Site "Germany"]
[Date "2007.10.21"]
[Round "2.8"]
[White "Rips, Frank"]
[Black "Volbracht, Michael"]
[Result "1-0"]
[WhiteElo "1779"]
[BlackElo "1781"]
[PlyCount "53"]
[EventDate "2007.09.16"]
[EventType "team"]
[EventRounds "9"]
[EventCountry "GER"]
[SourceTitle "EXT 2009"]
[Source "ChessBase"]
[SourceDate "2008.11.26"]
[SourceVersion "1"]
[SourceVersionDate "2008.11.26"]
[SourceQuality "1"]
[WhiteTeam "Brambauer "]
[BlackTeam "Welper SV II"]
[WhiteTeamCountry "GER"]
[BlackTeamCountry "GER"]

1. e4 Nf6 2. Nc3 d6 3. d4 g6 4. Bf4 Bg7 5. Qd2 0-0 6. 0-0-0 a6 7. Bh6 b5 8. f3 Bb7 9. h4 Nbd7 10. h5 c5 11. hxg6 fxg6 12. Bxg7 Kxg7 13. Qh6+ Kf7 14. e5 cxd4 15. exf6 dxc3 16. Qxh7+ Kxf6 17. g4 cxb2+ 18. Kb1 Rh8 19. g5+ Kxg5 20. Qg7 Rxh1 21. f4+ Kf5 22. Bd3+ Be4 23. Bxe4+ Kxe4 24. Qxg6+ Kxf4 25. Rf1+ Ke5 26. Rf5+ Kd4 27. Qg4+ 1-0